Statistics for U.S. States with the Most Expensive Movie Tickets

Click here to take the quiz!

General Stats

  • This quiz has been taken 50 times
  • The average score is 7 of 10

Answer Stats

Avg. Price State % Correct
$12.90California
100%
$13.95New York
96%
$12.82Washington
83%
$12.59New Jersey
83%
$13.32Massachusetts
77%
$12.50Hawaii
77%
$13.20Maryland
65%
$12.65Nevada
60%
$12.93Delaware
56%
$12.53New Mexico
29%

Score Distribution

Percentile by Number Answered

Percent of People with Each Score

Your Score History

You have not taken this quiz